Statistics for Prefixes of adjective antonyms

Click here to take the quiz!

General Stats

  • This quiz has been taken 36 times
  • The average score is 20 of 25

Answer Stats

HintAnswer% Correct
probableimprobable
100%
responsibleirresponsible
100%
believableunbelievable
97%
responsiveunresponsive
97%
reversibleirreversible
94%
provenunproven
91%
conceivableinconceivable
88%
congruentincongruent
88%
exactinexact
88%
caringuncaring
88%
legibleillegible
84%
surmountableinsurmountable
84%
proveddisproved
81%
believeddisbelieved
78%
proportionatedisproportionate
78%
preciseimprecise
75%
apprehensibleinapprehensible
75%
tractableintractable
75%
materialimmaterial
72%
symptomaticasymptomatic
69%
moralamoral
66%
courteousdiscourteous
66%
normalabnormal
63%
theoreticalatheoretical
56%
historicahistoric
53%

Score Distribution

Percentile by Number Answered

Percent of People with Each Score

Your Score History

You have not taken this quiz